00501nam a2200133Ia 4500008004100000082001900041100003600060245007800096260002900174300001000203942001200213999001900225952012300244210430s9999 xx 000 0 und d a620.11 T 787 I aK R Trethewey and J Chamberlain aCorrosion for Scince and Engineering 2ndcK R Trethewey and J Chamberlain aphotocopybLongmanc1995 a466 p cBK2ddc c564967d564967 001040708NFICaSCMEbSCMEcGENd0000-00-00l2m4o620.11 T 787 IpSCME-4252r2025-09-15s2023-03-27w2021-04-30yBK